Essential concepts in Bhagavadgita : (Record no. 77812)

MARC details
000 -LEADER
fixed length control field 00658nam a22002057a 4500
005 - DATE AND TIME OF LATEST TRANSACTION
control field 20130923120526.0
010 ## - LCCN (DPL NO)
LC control number ENG-108102
020 ## - INTERNATIONAL STANDARD BOOK NUMBER
Terms of availability 150.00
International Standard Book Number 9789380695242
035 ## - SYSTEM CONTROL NUMBER
System control number EN-91635
037 ## - SOURCE OF ACQUISITION
Source of stock number/acquisition DBAD/PUB
082 ## - DEWEY DECIMAL CLASSIFICATION NUMBER
Classification number 181.45
100 ## - MAIN ENTRY--PERSONAL NAME
Personal name Tirtha, Swami Bhoomananda
245 ## - TITLE STATEMENT
Title Essential concepts in Bhagavadgita :
Statement of responsibility, etc by Swami Bhoomananda Tirtha
Remainder of title based on chapter 18 of Bhagavadgita /
250 ## - EDITION STATEMENT
Edition statement vol. 6
260 ## - PUBLICATION, DISTRIBUTION, ETC. (IMPRINT)
Place of publication, distribution, etc Kerala
Name of publisher, distributor, etc Narayanashrama Tapovanam
Date of publication, distribution, etc 2012
270 ## - ADDRESS
Address Venginissery, P.O. Ammandam Thrissur
City Kerala
Postal code 680563
300 ## - PHYSICAL DESCRIPTION
Extent xix,210p.
Dimensions 22cm(pbk)
500 ## - GENERAL NOTE
General note Includes index
942 ## - ADDED ENTRY ELEMENTS (KOHA)
Source of classification or shelving scheme Dewey Decimal Classification
Item type English Books
Call number suffix TIR
Classification part 181.45
Holdings
Withdrawn status Lost status Not for loan Collection code Home library Current library Date acquired Source of acquisition Cost, normal purchase price Full call number Barcode Copy number Cost, replacement price Koha item type
    Not For Loan Non-fiction D.B.Act.Division D.B.Act.Division 19/07/2013 DBAD/PUB 150.00 181.45 TIR EN-91635 1 150.00 English Books

© Delhi Public Library
Hit Counter
free hit counter